| 000 | 01074pam a2200313 a 4500 | ||
|---|---|---|---|
| 001 | 3087437 | ||
| 003 | OSt | ||
| 005 | 20160818153040.0 | ||
| 008 | 980306s1998 maua b 001 0 eng c | ||
| 010 | _a 98015127 | ||
| 020 | _a0750637285 (pbk.) | ||
| 040 |
_aDNLM/DLC _cDLC _dDLC |
||
| 082 |
_aWL 342 _bL26m 1998 |
||
| 100 | 1 |
_aLance, James W. _910797 |
|
| 245 | 1 | 0 |
_aMechanism and management of headache / _cJames W. Lance, Peter J. Goadsby. |
| 250 | _a6th ed. | ||
| 260 |
_aBoston ; _aOxford : _bButterworth Heinemann, _c1998. |
||
| 300 |
_axviii, 317 p. : _bill. ; _c24 cm. |
||
| 504 | _aIncludes bibliographical references and index. | ||
| 650 | 0 |
_aHeadache. _910798 |
|
| 650 | 0 |
_aMigraine. _910799 |
|
| 650 | 0 |
_aTension headache. _910800 |
|
| 650 | 1 | 2 |
_aHeadache. _910801 |
| 650 | 2 | 2 |
_aMigraine. _910802 |
| 700 | 1 |
_aGoadsby, Peter J. _910803 |
|
| 906 |
_a7 _bcbc _corignew _d1 _eocip _f19 _gy-gencatlg |
||
| 942 |
_2z _cO_SHELF |
||
| 999 |
_c5041 _d5041 |
||